000 00346nam a22001577a 4500
003 OSt
020 _a1565925246
040 _c0
082 _222
_a005.52
100 _a Poman, Steven.
245 _aLearning word programming /
250 _aNA
260 _aUSA,
_bO'reilly,
_cc1998.
300 _axviii,388p. ;
_bill. ;
_c24 cm.
942 _2ddc
_cIT
999 _c4372
_d4372